LEADER 01048nas0 2200373 450 001 990001131390203316 005 20030211162630.0 035 $a000113139 035 $aUSA01000113139 035 $a(ALEPH)000113139USA01 035 $a000113139 100 $a20030211a2001----km-y0ITAy0103----ba 101 $aita 102 $aIT 110 $aakaz---|||| 200 1 $aComunicare$eletterature lingue 207 1$a1 (2001)- 210 $aBologna$cIl mulino$d2001- 215 $av.$cill.$d24 cm 300 $aIn testa al front.: ITC Istituto trentino di cultura 326 $aAnnuale 606 0 $aLingue straniere$xInsegnamento$xPeriodici 606 0 $aTraduzioni$xPeriodici 606 0 $aLetteratura$xPeriodici 676 $a407 712 02$aIstituto trentino di cultura 801 0$aIT$bsalbc$gISBD 912 $a990001131390203316 958 $aUMA$bFondo$c1 (2001). 959 $aSE 979 $aANNAPIA$b90$c20030211$lUSA01$h1626 979 $aPATRY$b90$c20040406$lUSA01$h1718 996 $aComunicare$9980057 997 $aUNISA LEADER 01407nam 2200361Ia 450 001 996393870203316 005 20221108064831.0 035 $a(CKB)3810000000006151 035 $a(EEBO)2240972742 035 $a(OCoLC)12396266 035 $a(EXLCZ)993810000000006151 100 $a19850817d1660 uy | 101 0 $aeng 135 $aurbn||||a|bb| 200 14$aThe form and order of the coronation of Charles the II, King of Scotland$b[electronic resource] $etogether with the sermon then preached /$fby Mr. Robert Dowglas &c. ; and the oath then taken, with several speeches made : as it was acted and done at Scoone, the first day of January, 1651 210 $aAberdene $cImprinted by James Brown, and re-printed at London ...$d1660 215 $a38, [i.e. 40] p 300 $aReproduction of original in Bodleian Library. 300 $aError in paging: 23-24 repeated. 330 $aeebo-0014 606 $aSermons, English$y17th century 607 $aGreat Britain$xHistory$yCommonwealth and Protectorate, 1649-1660 607 $aScotland$xHistory$y1649-1660 615 0$aSermons, English 700 $aDouglas$b Robert$f1594-1674.$01005428 801 0$bEAA 801 1$bEAA 801 2$bm/c 801 2$bWaOLN 906 $aBOOK 912 $a996393870203316 996 $aThe form and order of the coronation of Charles the II, King of Scotland$92356871 997 $aUNISA LEADER 06047nam 22007575 450 001 9910739472903321 005 20251009083525.0 010 $a9783031340598 010 $a3031340590 024 7 $a10.1007/978-3-031-34059-8 035 $a(MiAaPQ)EBC30684906 035 $a(Au-PeEL)EBL30684906 035 $a(DE-He213)978-3-031-34059-8 035 $a(CKB)27973048800041 035 $a(OCoLC)1394681007 035 $a(EXLCZ)9927973048800041 100 $a20230811d2023 u| 0 101 0 $aeng 135 $aurcnu|||||||| 181 $ctxt$2rdacontent 182 $cc$2rdamedia 183 $acr$2rdacarrier 200 10$aGlobal, Regional and Local Perspectives on the Economies of Southeastern Europe $eProceedings of the 14th International Conference on the Economies of the Balkan and Eastern European Countries (EBEEC) in Florence, Italy, 2022 /$fedited by Niccolò Persiani, Ilaria Elisa Vannini, Martina Giusti, Anastasios Karasavvoglou, Persefoni Polychronidou 205 $a1st ed. 2023. 210 1$aCham :$cSpringer Nature Switzerland :$cImprint: Springer,$d2023. 215 $a1 online resource (359 pages) 225 1 $aSpringer Proceedings in Business and Economics,$x2198-7254 311 08$aPrint version: Persiani, Niccolò Global, Regional and Local Perspectives on the Economies of Southeastern Europe Cham : Springer,c2023 9783031340581 327 $aPublic Administration/Governance and the Economies of Southeastern Europe -- Greek Political Economy in the Post-crisis Period 2010?2019 -- Social Capital and Income Inequality in OECD Countries: Casuality Evidence -- The Jungle of Sustainability Frameworks and Standards: Evidence from European Listed Companies -- The Social Return on Investment (SROI) for Evaluation of the Impact in International Cooperation Health Project in Albania: A Case Study -- The Transformation of EU'S MU to a Real EMU as a Need for Addressing Crises -- MNEs Institutional Entrepreneurship: The Effect on Corruption. An Analysis of Emerging Economies -- Innovation and Skills Requirements in Post-transition Economies -- Managing Labor Relations in Greek Hospitals?A Nursing Approach -- Statistical Arbitrage Using Cointegration and Principal Component Analysis Approach -- Assessing Relationship Between Entrepreneurship Education and Business Growth -- Innovation Policy to Solve Convergence Challenge for the Eastern European and Balkan Countries -- Evaluation of the Operation of a Social Cooperative Enterprise and Comparison with an ?Ordinary? Enterprise of the Private Sector in Greece -- The R&D Effect on Firm Value in the Information Technology Industry -- Business Growth and Development in Southeastern Europe Investigating Financial Challenges Facing Enterprises: Evidence from Albania -- The Recognition and Impact of Dynamic Pricing with ESL Technology on the Purchase Decision of Consumers in Stationary Grocery Stores: Current Findings and Experiment -- The Impact of Quantitative Easing on Stock Market: Evidence from Greece -- Pest Analysis of the E-commerce Industry: The Case of Greece -- Bibliometric Analysis of Migration-Tourism-Terrorism Nexus -- Health Care and the Implementation of Public-Private Partnership (PPP) Instruments in Transition Balkan Countries -- The Relationship Between Financing Decision of SMES and Their Performance -- Service-Dominant Logic: The Road Map to Value Co-Creation in Place Marketing -- Degree of Personal Income Taxation Convergence in the Eurozone. 330 $aThis book includes papers presented at the 14th International Conference ?Economies of the Balkan and Eastern European Countries? (EBEEC), held in Florence, Italy, in May 2022. It sheds new light on the micro- and macroeconomic developments in the Eastern European and Balkan countries, taking into account also the broader regional and global factors influencing these developments. In particular, it includes the latest theoretical and empirical research and policy insights from Central and Southeastern Europe and presents new ideas on how to resolve economic problems, also generated by the pandemic, in the Balkan and Eastern European economies in a pan-European context. By examining how the decisions and the performance of economic, social, and political actors in the area are intertwined with wider events, also at a global level, the papers highlight the dynamic development in Eastern Europe and the Balkans region. Further, the book demonstrates how the area is evolving within the framework of European economic integration and the global effervescent economy. 410 0$aSpringer Proceedings in Business and Economics,$x2198-7254 606 $aEconomic development 606 $aEntrepreneurship 606 $aNew business enterprises 606 $aMacroeconomics 606 $aInternational business enterprises 606 $aFinance 606 $aEconomic Development, Innovation and Growth 606 $aEntrepreneurship 606 $aMacroeconomics and Monetary Economics 606 $aInternational Business 606 $aFinancial Economics 615 0$aEconomic development. 615 0$aEntrepreneurship. 615 0$aNew business enterprises. 615 0$aMacroeconomics. 615 0$aInternational business enterprises. 615 0$aFinance. 615 14$aEconomic Development, Innovation and Growth. 615 24$aEntrepreneurship. 615 24$aMacroeconomics and Monetary Economics. 615 24$aInternational Business. 615 24$aFinancial Economics. 676 $a330.9496 700 $aPersiani$b Niccolò$0460837 701 $aVannini$b Ilaria Elisa$01424401 701 $aGiusti$b Martina$01424402 701 $aKarasavvoglou$b Anastasios$01424403 701 $aPolychronidou$b Persefoni$01424404 801 0$bMiAaPQ 801 1$bMiAaPQ 801 2$bMiAaPQ 906 $aBOOK 912 $a9910739472903321 996 $aGlobal, Regional and Local Perspectives on the Economies of Southeastern Europe$93553581 997 $aUNINA